000 006260000a22001930004500
999 _c59978
_d59978
001 768714001
003 CO-MdFUSB
005 20170725102457.0
008 170725s1993 ag ||||| |||| 00| 0 spa d
022 _a0122-2996
040 _aCO-MdFUSB
_bspa
_cCO-MdFUSB
_dCO-MdFUSB
041 _aspa
100 1 _aDeiros, Pablo A. (Alberto) (1945-)
_e22 cm.
245 1 0 _aCLADE III :
_bde cara al futuro
300 _aVolumen 25. Número 51 (1993), Páginas 181-185
_c22 cm.
546 _aTexto en español
773 0 _tBoletín Teológico
_049507
_961455
_gVolumen 25. Número 51 (1993), Páginas 181-185
_q Página 181
942 _cANA